00310nam a22001097a 4500003000400000020001800004082001900022100003400041245007300075260004400148300000800192SGT a9788193054932 a891.4309bM21G aगौड़, बी. एल. aमीठी ईद तथा अन्य कहानियाँ  b सजग प्रकाशन c2021 a102